| 000 | 00417nam a2200169Ia 4500 | ||
|---|---|---|---|
| 003 | LK-CoDNM | ||
| 008 | 010623t1991 xxu||||| |||| 00| 1 eng d | ||
| 040 |
_aLK-CoDNM _dLK-CoDNM _eLK-CoDNM |
||
| 041 | _aeng | ||
| 080 |
_a37 _bSRI |
||
| 245 | _aNote-Taking and Summarising | ||
| 260 |
_bNational Institute of Education _c1991 |
||
| 300 | _b52, 28 cm | ||
| 650 | _aEducation | ||
| 650 | _aSummarising | ||
| 942 | _cBK | ||
| 999 |
_c115020 _d115020 |
||